| 000 | 00381nam a2200157Ia 4500 | ||
|---|---|---|---|
| 008 | 210719s1995 xx 000 0 und d | ||
| 041 | _aeng | ||
| 082 | _a128.5 DEVR | ||
| 100 | _aDEVOS (Jeanne) | ||
| 245 | _aReview of life. | ||
| 260 |
_aIndia. _bA Publication of the Y C S., _c1995 |
||
| 300 |
_a46 _bPB |
||
| 365 | _cRs | ||
| 650 | _aPhilosophy | ||
| 906 | _aLife Meditation | ||
| 999 |
_c212615 _d212615 |
||